02288nam a2200289 u 450000100070000000500170000700800410002402000150006503500110008003500210009104000130011204100080012508200080013310000310014124501570017226000780032930000350040752012970044265000260173965000250176565000370179070000290182770000420185670000400189870000290193870000310196778028320260506093338.0021016e20020201 spa  a9589515347 a780283 a(OCoLC)318263023 ccomduadb aspa 4a57110aTherrien, Monika4auteaut10aCatalogo de ceramica colonial y republicana de la Nueva Granada : produccion local y materiales foraneos Costa Caribe, Altiplano Cundiboyacense-Colombia aBogotá :bFundacion de Investigaciones Arqueologicas Nacionales,c2002. a221 páginas :bilustraciones3 aDon Avito Carrascal, personaje que ha sustituido la religión por la ciencia, cree que puede obtener la genialidad haciendo un adecuado programa de educación, basado en una vida austera y sin excesos. Decide Avito Carrascal que debe casarse con una dólico-rubia, Leoncia, pero cuando va a declararle su amor (a modo de informe científico) se encuentra a una tal Marina, "braquimorena", y se casa con ella. Tienen un hijo; lo inscribe en el registro con el nombre de Apolodoro (don de Apolo, el más bello), aunque su madre preferirá llamarlo Luisito. El hijo predestinado a ser científico, es sometido a las más diversas pruebas, como la de sumergirlo en agua al nacer, para medir su peso específico y su densidad. De la cuidadísima educación se encargará el profesor don Fulgencio de Entrambosmares. Crece Apolodoro en la mediocridad. El resultado parece normal, pero su vida, carente de sentido, está vacía. Un día Apolodoro-Luisito se enamora de Clarita. La chica rechaza al pedante portento y prefiere a Federico, más fogoso y vehemente. El genio programado sufre un desengaño y se suicida. Don Avito que aún confía en su método, tiene la intención de aplicar la teoría a su nieto, hijo póstumo de Apoldoro-Luisito Carrascal y Petra, la criada. aCerámica colombiana 7aEstilos de vida2dcs aCeramica precolombina - Colombia10aUprimny, Elena4auteaut10aLoboguerrero Arenas, Jimena4auteaut10aSalamanca, Maria Fernanda4auteaut10aGaitan, Felipe4auteaut10aFandiño, Marta4auteaut